Catálogo público

Fundamentos de nutrición y alimentación de animales / D. C. Church, W. G. Pond, K. R. Pond; traducción Luis Jorge Pérez Calderon; Revición José Luis Laparra Vega (Record no. 216838)

MARC details
000 -CABECERA
campo de control de longitud fija 01246nam a2200277Ia 4500
001 - NÚMERO DE CONTROL
campo de control Z_4707
008 - DATOS DE LONGITUD FIJA--INFORMACIÓN GENERAL
campo de control de longitud fija 220601s9999 xx 000 0 und d
020 ## - NÚMERO INTERNACIONAL ESTÁNDAR DEL LIBRO
Número Internacional Estándar del Libro 9-18-5299-0
082 ## - NÚMERO DE LA CLASIFICACIÓN DECIMAL DEWEY
Número de clasificación 636.085 C48 2004
100 ## - ENTRADA PRINCIPAL--NOMBRE DE PERSONA
Nombre de persona Church, D. C.
9 (RLIN) 22991
245 ## - MENCIÓN DE TÍTULO
Título Fundamentos de nutrición y alimentación de animales / D. C. Church, W. G. Pond, K. R. Pond; traducción Luis Jorge Pérez Calderon; Revición José Luis Laparra Vega
250 ## - MENCIÓN DE EDICIÓN
Mención de edición 2a ed.
260 ## - PUBLICACIÓN, DISTRIBUCIÓN, ETC.
Lugar de publicación, distribución, etc. México : Limusa
300 ## - DESCRIPCIÓN FÍSICA
Extensión 635 p.
500 ## - NOTA GENERAL
Nota general Traducida de la obra en inglés: Basic animal nutrition and feeding 2th ed. de 1982.La biblioteca cuenta con la actualización del 2002 y 2004 de Mario Alberto Hernández Cuapio y Ana Luisa Weckmann González
503 ## - NOTA DE HISTORIA BIBLIOGRÁFICA (BK CF MU) [OBSOLETO]
Nota de historia bibliográfica ej.1: C/E \ ej.2: C/E \ ej.3: C/E \ ej.4: C/E \ ej.5: C/E \ ej.6: C/E \ ej.7 : C/E
504 ## - NOTA DE BIBLIOGRAFÍA, ETC.
Nota de bibliografía, etc. Incluye bibliografía
650 ## - PUNTO DE ACCESO ADICIONAL DE MATERIA--TÉRMINO DE MATERIA
Término de materia o nombre geográfico como elemento de entrada 1. Nutrición animal
650 ## - PUNTO DE ACCESO ADICIONAL DE MATERIA--TÉRMINO DE MATERIA
Término de materia o nombre geográfico como elemento de entrada Alimentos y alimentación del ganado
9 (RLIN) 4326
700 ## - PUNTO DE ACCESO ADICIONAL--NOMBRE DE PERSONA
Nombre de persona Pond, W. G., coaut. \ Pond, K. R., coaut. \ Pérez Calderon, Luis Jorge, tr. \ Laparra Vega, José Luis, rev.Ì
9 (RLIN) 177283
901 ## - ELEMENTOS DE DATOS A LOCAL LDA (RLIN)
a 636.085 C48 2004
902 ## - ELEMENTOS DE DATOS B LOCAL, LDB (RLIN)
a M
905 ## - ELEMENTOS DE DATOS E LOCAL, LDE (RLIN)
a 3232222004 2002 mx dni 8211113311spa16
942 ## - ELEMENTOS DE PUNTO DE ACCESO ADICIONAL (KOHA)
Tipo de ítem Koha Libro_
Holdings
Estado de retiro Estado de pérdida Fuente del sistema de clasificación o colocación Estado dañado No para préstamo Código de colección Localización permanente Ubicación/localización actual Ubicación en estantería Fecha de adquisición Total de préstamos Código de barras Fecha visto por última vez Número de copia Precio válido a partir de Tipo de ítem Koha
    Dewey Decimal Classification     General Zootecnia Zootecnia   09/09/2013   z_5170 02/06/2022 6 02/06/2022 Libro
    Dewey Decimal Classification     General Zootecnia Zootecnia   09/11/2005   z_4570 02/06/2022 5 02/06/2022 Libro
    Dewey Decimal Classification     General Zootecnia Zootecnia   09/11/2005   z_4621 02/06/2022 1 02/06/2022 Libro
    Dewey Decimal Classification     General Zootecnia Zootecnia   09/11/2005   z_4622 02/06/2022 2 02/06/2022 Libro
    Dewey Decimal Classification     General Zootecnia Zootecnia   09/11/2005   z_4623 02/06/2022 3 02/06/2022 Libro
    Dewey Decimal Classification     General Zootecnia Zootecnia   14/05/2015   z_4624 02/06/2022 7 02/06/2022 Libro
    Dewey Decimal Classification     General Zootecnia Zootecnia   09/11/2005   z_4636 02/06/2022 4 02/06/2022 Libro